| 000 | 00575nam a22001937a 4500 | ||
|---|---|---|---|
| 005 | 20250930113016.0 | ||
| 010 | _aENG-146803 | ||
| 020 |
_a9789349746756 _c300.00 |
||
| 035 | _aEN-130335 | ||
| 037 | _bDBAD | ||
| 082 | _a158.1 | ||
| 100 |
_aThukran, Anshul _985291 |
||
| 245 |
_aPolarity: _bthe truth beyond equality/ _cAnshul Thukran |
||
| 260 |
_aHaryana _bShresha Publishing House Pvt. Ltd. _c2025 |
||
| 270 |
_a5/783, Ghisa Nagar Part II, Rewari, _bHaryana |
||
| 300 |
_a147p. _c21cm(pbk) |
||
| 500 | _ainclude indexing | ||
| 942 |
_cEN _h158.1 _mTHU |
||
| 999 |
_c213518 _d213518 |
||